ბათუმის შოთა რუსთაველის სახელმწიფო უნივერსიტეტის ბიბლიოთეკა

სამაგიდო წიგნი სკოლის მართვის საკითხებზე : (ბიბ.ჩანაწერი № 63136)

000 -ლიდერი
ფიქსირებული სიგრძის საკონტროლო ველი 01316nam a22001937a 4500
003 - საკონტროლო ნომრის იდენტიფიკატორი
საკონტროლო ველი Ge_BSU
005 - ბოლო ოპერაციის თარიღი და დრო
საკონტროლო ველი 20250610163717.0
008 - ფიქსირებული სიგრძის მონაცემთა ელემენტები - ზოგადი ინფორმაცია
ფიქსირებული სიგრძის საკონტროლო ველი 250610s2007 ge ||||| |||| 00| 0 geo d
020 ## - წიგნის საერთაშორისო სტანდარტული ნომერი
International Standard Book Number 9994046969
041 ## - ენის კოდი
Language code of text/sound track or separate title geo
080 ## - უნივერსალური ათობითი კლასიფიკაციის ინდექსი
Universal Decimal Classification number 371.1 : 37.014.15(479.22) ს-21
245 ## - ცნობა სათაურის შესახებ
Title სამაგიდო წიგნი სკოლის მართვის საკითხებზე :
Remainder of title საკანონმდებლო ბაზა, პროფესიული უნარები, ფუნქციური წერა, კადრების მართვა, ხელშეკრულებები : ტესტები და სავარჯ. ინდივიდ. მუშაობისათვის /
Statement of responsibility, etc განვითარების ჯგუფი; [სარედ. ჯგუფი: ალუდა გოგლიჩიძე და სხვ.].
264 ## - წარმოების, გამოცემის, დისტრიბუციის და სხვა ცნობები
გამოცემის, წარმოების, დისტრიბუციის... ადგილი თბ. :
გამოცემის, წარმოების, დისტრიბუციის... სახელწოდება მერიდიანი,
გამოცემის, წარმოების, დისტრიბუციის... თარიღი 2007.
300 ## - ფიზიკური აღწერა
Extent 292 გვ. ;
Other physical details 29 სმ.
653 ## - INDEX TERM--UNCONTROLLED
Uncontrolled term სკოლის მართვა
653 ## - INDEX TERM--UNCONTROLLED
Uncontrolled term საქართველოს კანონები განათლების შესახებ
700 ## - ADDED ENTRY--PERSONAL NAME
Personal name გოგლიჩიძე, ალუდა
Relator term რედაქტორი
9 (RLIN) 25361
942 ## - ADDED ENTRY ELEMENTS (KOHA)
Source of classification or shelving scheme
Koha item type წიგნი
ეგზემპლარები
ჩამოწერის სტატუსი დაკარგული ეგზემპლარის სტატუსი კლასიფიკაციის წყარო ან თაროზე გაწყობის სქემა დაზიანების სტატუსი არ გაიცემა მუდმივი მდებარეობა (დაცვის ადგილი) ამჟამინდელი ადგილსამყოფელი თაროზე განთავსების ადგილი შეძენის თარიღი ღირებულება, შესყიდვის ნორმალური ფასი სრული შენახვის შიფრი შტრიხკოდი ბოლო ოპერაციის თარიღი ეგზემპლარის მიმდევრობითი ნომერი (კეტერი?) Uniform Resource Identifier ფასის ძალაში შესვლის თარიღი ეგზემპლარის სახეობა საჯარო შენიშვნა
          ბათუმის შოთა რუსთაველის სახელმწიფო უნივერსიტეტის მთავარი ბიბლიოთეკა ბათუმის შოთა რუსთაველის სახელმწიფო უნივერსიტეტის მთავარი ბიბლიოთეკა წიგნსაცავი 2025-06-10 20.00 371.1 : 37.014.15(479.22) ს-21 71782 2025-06-10 71782 ნაჩუქარი 2025-06-10 წიგნი 20 ლ.